The lawmakers: recruitment and adaptation to legislative life

Saved in:
Bibliografiske detaljer
Hovedforfatter: Barber, James David (Author)
Format: Bog
Sprog:engelsk
Udgivet: New Haven Yale University 1965
Serier:Yale Studies in Political Science, 11
Fag:
Tags: Tilføj Tag
Ingen Tags, Vær først til at tagge denne postø!

MARC

LEADER 00000nam a2200000 a 4500
001 UCT6843
003 CL-VaPUC
008 970113e19650000US |||||||||||||||||eng|d
082 0 4 |a 328.092  |b BAR  |2 21 
100 0 |a Barber, James David  |e author  |9 377113 
245 1 4 |a The lawmakers: recruitment and adaptation to legislative life 
300 |a 314 p 
942 |c BK 
945 |d 19970113 00:00:00  |a paguirre 
260 |a New Haven  |b Yale University  |c 1965 
650 0 |a Poder legislativo  |9 258808 
650 7 |a PARLAMENTARIOS  |2 CL-VaPUC  |9 338461 
650 0 |a Políticos   |9 256302 
650 0 |a Poder político  |9 255509 
650 0 |a Parlamento  |9 338611 
650 7 |a ORGANOS LEGISLATIVOS  |2 CL-VaPUC  |9 376245 
583 |a last modification  |c 19970113 00:00:00  |k Rodrigo Vera 
490 0 |a Yale Studies in Political Science, 11 
999 |c 255513  |d 255511 
952 |0 0  |1 0  |4 0  |6 328_092000000000000_BAR_1965  |7 0  |8 A  |9 277768  |a BIBDER  |b BIBDER  |d 2019-11-19  |i 1803255  |o 328.092 BAR 1965  |p 1803255  |r 2023-01-25  |w 2019-11-19  |y BK  |k DER